000 00446nam a2200181Ia 4500
008 151202s9999||||xx |||||||||||||| ||und||
082 _bPNVM-84043
100 _aCHINMAYA & BHARTI.
245 _aBALA BHAGAVATAM.
260 _bCHINMAYA MISSION BOMBAY.
260 _c2013
300 _a141
600 _aCHINMAYA & BHARTI.
630 _aBALA BHAGAVATAM.
700 _aCHINMAYA & BHARTI.
730 _aBALA BHAGAVATAM.
942 _cBOOK
999 _c1348899
_d1348896